[Event "9th Vellmar Chess Days"]
[Site "chess24.com"]
[Date "2017.07.15"]
[Round "4"]
[White "Koerbel, Ekkehard"]
[Black "Reichelt, Ole"]
[Result "1-0"]
[Board "49"]
[WhiteElo "1838"]
[WhiteCountry "GER"]
[WhiteFideId "12976148"]
[WhiteEloChange "7"]
[BlackElo "1736"]
[BlackCountry "GER"]
[BlackFideId "12965073"]
[BlackEloChange "-7"]

1. e4 {[%clk 1:30:30]} e6 {[%clk 1:30:30]} 2. d3 {[%clk 1:30:30]} d5 {[%clk
1:30:30]} 3. Nd2 {[%clk 1:30:30]} Nf6 {[%clk 1:30:30]} 4. Ngf3 {[%clk 1:30:30]}
c5 {[%clk 1:30:30]} 5. g3 {[%clk 1:30:30]} Nc6 {[%clk 1:30:30]} 6. Bg2 {[%clk
1:30:30]} Be7 {[%clk 1:30:30]} 7. O-O {[%clk 1:30:30]} O-O {[%clk 1:30:30]} 8. e5
{[%clk 1:30:30]} Nd7 {[%clk 1:30:30]} 9. Re1 {[%clk 1:30:30]} b5 {[%clk 1:30:30]}
10. Nf1 {[%clk 1:30:30]} a5 {[%clk 1:30:30]} 11. Bf4 {[%clk 1:30:30]} Ba6 {[%clk
1:30:30]} 12. h4 {[%clk 1:30:30]} b4 {[%clk 1:30:30]} 13. a3 {[%clk 1:30:30]} Qb6
{[%clk 1:30:30]} 14. Bh3 {[%clk 1:30:30]} Rfb8 {[%clk 1:30:30]} 15. Ne3 {[%clk
1:30:30]} Nd4 {[%clk 1:30:30]} 16. Nxd5 {[%clk 1:30:30]} exd5 {[%clk 1:30:30]}
17. Bxd7 {[%clk 1:30:30]} Rb7 {[%clk 1:30:30]} 18. Bh3 {[%clk 1:30:30]} b3 {[%clk
1:30:30]} 19. Nxd4 {[%clk 1:30:30]} cxd4 {[%clk 1:30:30]} 20. e6 {[%clk 1:30:30]}
f6 {[%clk 1:30:30]} 21. Rc1 {[%clk 1:30:30]} Bd6 {[%clk 1:30:30]} 22. Bxd6 {[%clk
1:30:30]} Qxd6 {[%clk 1:30:30]} 23. cxb3 {[%clk 1:30:30]} Rab8 {[%clk 1:30:30]}
24. Qd2 {[%clk 1:30:30]} Re7 {[%clk 1:30:30]} 25. Qxa5 {[%clk 1:30:30]} Rxb3
{[%clk 1:30:30]} 26. Qc5 {[%clk 1:30:30]} Qd8 {[%clk 1:30:30]} 27. Qxd4 {[%clk
1:30:30]} Rxd3 {[%clk 1:30:30]} 28. Qc5 {[%clk 1:30:30]} Rb3 {[%clk 1:30:30]} 29.
Bf1 {[%clk 1:30:30]} Bb7 {[%clk 1:30:30]} 30. Qd4 {[%clk 1:30:30]} Qb6 {[%clk
1:30:30]} 31. Qxb6 {[%clk 1:30:30]} Rxb6 {[%clk 1:30:30]} 32. b4 {[%clk 1:30:30]}
Bc6 {[%clk 1:30:30]} 33. b5 {[%clk 1:30:30]} Be8 {[%clk 1:30:30]} 34. a4 {[%clk
1:30:30]} Ra7 {[%clk 1:30:30]} 35. Ra1 {[%clk 1:30:30]} Ra5 {[%clk 1:30:30]} 36.
Bd3 {[%clk 1:30:30]} g6 {[%clk 1:30:30]} 37. g4 {[%clk 1:30:30]} h6 {[%clk
1:30:30]} 38. f4 {[%clk 1:30:30]} Rb7 {[%clk 1:30:30]} 39. Rec1 {[%clk 1:30:30]}
Rg7 {[%clk 1:30:30]} 40. Kf2 {[%clk 1:30:30]} h5 {[%clk 1:30:30]} 41. gxh5 {[%clk
1:30:30]} gxh5 {[%clk 1:30:30]} 42. Rg1 {[%clk 1:30:30]} 1-0

[Event "9th Vellmar Chess Days"]
[Site "chess24.com"]
[Date "2017.07.15"]
[Round "4"]
[White "Flach, Helene"]
[Black "Rehbein, Ullrich"]
[Result "1-0"]
[Board "50"]
[WhiteElo "1819"]
[WhiteCountry "GER"]
[WhiteFideId "12929735"]
[WhiteEloChange "9"]
[BlackElo "1788"]
[BlackCountry "GER"]
[BlackFideId "4681037"]
[BlackEloChange "-9"]

1. e4 {[%clk 1:30:30]} c5 {[%clk 1:30:30]} 2. Nf3 {[%clk 1:30:30]} a6 {[%clk
1:30:30]} 3. c3 {[%clk 1:30:30]} Nc6 {[%clk 1:30:30]} 4. d4 {[%clk 1:30:30]} cxd4
{[%clk 1:30:30]} 5. cxd4 {[%clk 1:30:30]} e6 {[%clk 1:30:30]} 6. Nc3 {[%clk
1:30:30]} Bb4 {[%clk 1:30:30]} 7. Bd3 {[%clk 1:30:30]} Nf6 {[%clk 1:30:30]} 8.
O-O {[%clk 1:30:30]} b5 {[%clk 1:30:30]} 9. e5 {[%clk 1:30:30]} Bxc3 {[%clk
1:30:30]} 10. exf6 {[%clk 1:30:30]} Bxd4 {[%clk 1:30:30]} 11. Nxd4 {[%clk
1:30:30]} Qxf6 {[%clk 1:30:30]} 12. Nxc6 {[%clk 1:30:30]} dxc6 {[%clk 1:30:30]}
13. Be4 {[%clk 1:30:30]} e5 {[%clk 1:30:30]} 14. Bg6 {[%clk 1:30:30]} 1-0

[Event "9th Vellmar Chess Days"]
[Site "chess24.com"]
[Date "2017.07.15"]
[Round "4"]
[White "Wohlrabe, Joerg"]
[Black "Zaerban, Jan Christopher"]
[Result "1-0"]
[Board "51"]
[WhiteElo "1791"]
[WhiteCountry "GER"]
[WhiteFideId "4688660"]
[WhiteEloChange "13"]
[BlackElo "1890"]
[BlackCountry "GER"]
[BlackFideId "4660277"]
[BlackEloChange "-13"]

1. e4 {[%clk 1:30:30]} e6 {[%clk 1:30:30]} 2. d4 {[%clk 1:30:30]} d5 {[%clk
1:30:30]} 3. exd5 {[%clk 1:30:30]} exd5 {[%clk 1:30:30]} 4. Nf3 {[%clk 1:30:30]}
Bd6 {[%clk 1:30:30]} 5. Be2 {[%clk 1:30:30]} Ne7 {[%clk 1:30:30]} 6. c3 {[%clk
1:30:30]} Bg4 {[%clk 1:30:30]} 7. h3 {[%clk 1:30:30]} Bh5 {[%clk 1:30:30]} 8. b3
{[%clk 1:30:30]} Nbc6 {[%clk 1:30:30]} 9. Ba3 {[%clk 1:30:30]} a6 {[%clk
1:30:30]} 10. Bxd6 {[%clk 1:30:30]} Qxd6 {[%clk 1:30:30]} 11. Qd2 {[%clk
1:30:30]} O-O-O {[%clk 1:30:30]} 12. a4 {[%clk 1:30:30]} Na5 {[%clk 1:30:30]} 13.
Ra3 {[%clk 1:30:30]} Bg6 {[%clk 1:30:30]} 14. Bd3 {[%clk 1:30:30]} Rde8 {[%clk
1:30:30]} 15. O-O {[%clk 1:30:30]} Bxd3 {[%clk 1:30:30]} 16. Qxd3 {[%clk
1:30:30]} Ng6 {[%clk 1:30:30]} 17. Qf5+ {[%clk 1:30:30]} Qe6 {[%clk 1:30:30]} 18.
Qxe6+ {[%clk 1:30:30]} Rxe6 {[%clk 1:30:30]} 19. Nbd2 {[%clk 1:30:30]} Nc6 {[%clk
1:30:30]} 20. b4 {[%clk 1:30:30]} Nd8 {[%clk 1:30:30]} 21. Raa1 {[%clk 1:30:30]}
f6 {[%clk 1:30:30]} 22. Rae1 {[%clk 1:30:30]} Rhe8 {[%clk 1:30:30]} 23. g3 {[%clk
1:30:30]} Kd7 {[%clk 1:30:30]} 24. Rxe6 {[%clk 1:30:30]} Rxe6 {[%clk 1:30:30]}
25. Re1 {[%clk 1:30:30]} Rc6 {[%clk 1:30:30]} 26. Nb1 {[%clk 1:30:30]} Nf7 {[%clk
1:30:30]} 27. Nfd2 {[%clk 1:30:30]} Ne7 {[%clk 1:30:30]} 28. Kg2 {[%clk 1:30:30]}
Nc8 {[%clk 1:30:30]} 29. Nb3 {[%clk 1:30:30]} b6 {[%clk 1:30:30]} 30. Re3 {[%clk
1:30:30]} Nfd6 {[%clk 1:30:30]} 31. N3d2 {[%clk 1:30:30]} Nc4 {[%clk 1:30:30]}
32. Nxc4 {[%clk 1:30:30]} Rxc4 {[%clk 1:30:30]} 33. g4 {[%clk 1:30:30]} a5 {[%clk
1:30:30]} 34. Nd2 {[%clk 1:30:30]} Rc6 {[%clk 1:30:30]} 35. bxa5 {[%clk 1:30:30]}
bxa5 {[%clk 1:30:30]} 36. Nb3 {[%clk 1:30:30]} Rc4 {[%clk 1:30:30]} 37. Nc5+
{[%clk 1:30:30]} Kd8 {[%clk 1:30:30]} 38. Nb7+ {[%clk 1:30:30]} Kd7 {[%clk
1:30:30]} 39. Nxa5 {[%clk 1:30:30]} Rxa4 {[%clk 1:30:30]} 40. Nb3 {[%clk
1:30:30]} Ra3 {[%clk 1:30:30]} 41. Nc5+ {[%clk 1:30:30]} Kc6 {[%clk 1:30:30]} 42.
Ne6 {[%clk 1:30:30]} g6 {[%clk 1:30:30]} 43. Nf8 {[%clk 1:30:30]} h5 {[%clk
1:30:30]} 44. Nxg6 {[%clk 1:30:30]} hxg4 {[%clk 1:30:30]} 45. h4 {[%clk 1:30:30]}
Kd7 {[%clk 1:30:30]} 46. h5 {[%clk 1:30:30]} Nd6 {[%clk 1:30:30]} 47. h6 {[%clk
1:30:30]} Nf5 {[%clk 1:30:30]} 48. h7 {[%clk 1:30:30]} Nxe3+ {[%clk 1:30:30]} 49.
fxe3 {[%clk 1:30:30]} Ra8 {[%clk 1:30:30]} 50. h8Q {[%clk 1:30:30]} Rxh8 {[%clk
1:30:30]} 51. Nxh8 {[%clk 1:30:30]} Ke6 {[%clk 1:30:30]} 52. Ng6 {[%clk 1:30:30]}
c5 {[%clk 1:30:30]} 53. Kg3 {[%clk 1:30:30]} cxd4 {[%clk 1:30:30]} 54. exd4
{[%clk 1:30:30]} f5 {[%clk 1:30:30]} 55. Kf4 {[%clk 1:30:30]} 1-0

[Event "9th Vellmar Chess Days"]
[Site "chess24.com"]
[Date "2017.07.15"]
[Round "4"]
[White "Vergin, Marcel"]
[Black "von Lossow, Marcus"]
[Result "1/2-1/2"]
[Board "52"]
[WhiteElo "1777"]
[WhiteCountry "GER"]
[WhiteFideId "12946010"]
[BlackElo "1781"]
[BlackCountry "GER"]
[BlackFideId "12942090"]

1. d4 {[%clk 1:30:30]} d5 {[%clk 1:30:30]} 2. Bf4 {[%clk 1:30:30]} Nf6 {[%clk
1:30:30]} 3. Nf3 {[%clk 1:30:30]} c6 {[%clk 1:30:30]} 4. Nbd2 {[%clk 1:30:30]}
Bf5 {[%clk 1:30:30]} 5. c4 {[%clk 1:30:30]} h6 {[%clk 1:30:30]} 6. h3 {[%clk
1:30:30]} e6 {[%clk 1:30:30]} 7. Qb3 {[%clk 1:30:30]} Qb6 {[%clk 1:30:30]} 8. e3
{[%clk 1:30:30]} Nbd7 {[%clk 1:30:30]} 9. cxd5 {[%clk 1:30:30]} exd5 {[%clk
1:30:30]} 10. Be2 {[%clk 1:30:30]} Qxb3 {[%clk 1:30:30]} 11. Nxb3 {[%clk
1:30:30]} Bb4+ {[%clk 1:30:30]} 12. Kf1 {[%clk 1:30:30]} Ne4 {[%clk 1:30:30]} 13.
g4 {[%clk 1:30:30]} Be6 {[%clk 1:30:30]} 14. a3 {[%clk 1:30:30]} Bd6 {[%clk
1:30:30]} 15. Bxd6 {[%clk 1:30:30]} Nxd6 {[%clk 1:30:30]} 16. Bd3 {[%clk
1:30:30]} g5 {[%clk 1:30:30]} 17. Nbd2 {[%clk 1:30:30]} Ke7 {[%clk 1:30:30]} 18.
Ke2 {[%clk 1:30:30]} f5 {[%clk 1:30:30]} 19. Ne5 {[%clk 1:30:30]} Rhg8 {[%clk
1:30:30]} 20. Nxd7 {[%clk 1:30:30]} Bxd7 {[%clk 1:30:30]} 21. f3 {[%clk 1:30:30]}
Raf8 {[%clk 1:30:30]} 22. b4 {[%clk 1:30:30]} Ne8 {[%clk 1:30:30]} 23. a4 {[%clk
1:30:30]} Nc7 {[%clk 1:30:30]} 24. Nb3 {[%clk 1:30:30]} Ne6 {[%clk 1:30:30]} 25.
Bxf5 {[%clk 1:30:30]} Nd8 {[%clk 1:30:30]} 26. Bd3 {[%clk 1:30:30]} Rf6 {[%clk
1:30:30]} 27. h4 {[%clk 1:30:30]} Nf7 {[%clk 1:30:30]} 28. Nc5 {[%clk 1:30:30]}
Bc8 {[%clk 1:30:30]} 29. h5 {[%clk 1:30:30]} Rf8 {[%clk 1:30:30]} 30. Rhf1 {[%clk
1:30:30]} Nd8 {[%clk 1:30:30]} 31. b5 {[%clk 1:30:30]} b6 {[%clk 1:30:30]} 32.
Nb3 {[%clk 1:30:30]} Nb7 {[%clk 1:30:30]} 33. bxc6 {[%clk 1:30:30]} Rxc6 {[%clk
1:30:30]} 34. Rac1 {[%clk 1:30:30]} Bd7 {[%clk 1:30:30]} 35. Bb5 {[%clk 1:30:30]}
Rxc1 {[%clk 1:30:30]} 36. Rxc1 {[%clk 1:30:30]} Bxb5+ {[%clk 1:30:30]} 37. axb5
{[%clk 1:30:30]} Kd7 {[%clk 1:30:30]} 38. Nd2 {[%clk 1:30:30]} Nd6 {[%clk
1:30:30]} 39. Rb1 {[%clk 1:30:30]} Rc8 {[%clk 1:30:30]} 40. Kd3 {[%clk 1:30:30]}
Rf8 {[%clk 1:30:30]} 41. e4 {[%clk 1:30:30]} dxe4+ {[%clk 1:30:30]} 42. fxe4
{[%clk 1:30:30]} Rf4 {[%clk 1:30:30]} 43. e5 {[%clk 1:30:30]} Nc8 {[%clk
1:30:30]} 44. Ne4 {[%clk 1:30:30]} Ke6 {[%clk 1:30:30]} 45. Rc1 {[%clk 1:30:30]}
Ne7 {[%clk 1:30:30]} 46. Nf6 {[%clk 1:30:30]} Rf3+ {[%clk 1:30:30]} 47. Ke4
{[%clk 1:30:30]} Rf4+ {[%clk 1:30:30]} 48. Ke3 {[%clk 1:30:30]} Nd5+ {[%clk
1:30:30]} 49. Nxd5 {[%clk 1:30:30]} Kxd5 {[%clk 1:30:30]} 50. Rc6 {[%clk
1:30:30]} Re4+ {[%clk 1:30:30]} 51. Kf3 {[%clk 1:30:30]} Rf4+ {[%clk 1:30:30]}
52. Kg3 {[%clk 1:30:30]} Rxd4 {[%clk 1:30:30]} 53. Rxh6 {[%clk 1:30:30]} Kxe5
{[%clk 1:30:30]} 54. Rh8 {[%clk 1:30:30]} Rd3+ {[%clk 1:30:30]} 55. Kg2 {[%clk
1:30:30]} Kf4 {[%clk 1:30:30]} 56. h6 {[%clk 1:30:30]} Kxg4 {[%clk 1:30:30]} 57.
Rf8 {[%clk 1:30:30]} Rh3 {[%clk 1:30:30]} 58. Rf6 {[%clk 1:30:30]} Rh4 {[%clk
1:30:30]} 59. Rc6 {[%clk 1:30:30]} Rh5 {[%clk 1:30:30]} 60. Rf6 {[%clk 1:30:30]}
Rh4 {[%clk 1:30:30]} 61. Rc6 {[%clk 1:30:30]} Kf5 {[%clk 1:30:30]} 62. Kg3 {[%clk
1:30:30]} Rh1 {[%clk 1:30:30]} 63. Kg2 {[%clk 1:30:30]} Rh5 {[%clk 1:30:30]} 64.
Kg3 {[%clk 1:30:30]} g4 {[%clk 1:30:30]} 65. Rd6 {[%clk 1:30:30]} Rh3+ {[%clk
1:30:30]} 66. Kg2 {[%clk 1:30:30]} Kg5 {[%clk 1:30:30]} 67. Rd7 {[%clk 1:30:30]}
Rxh6 {[%clk 1:30:30]} 68. Rxa7 {[%clk 1:30:30]} Rg6 {[%clk 1:30:30]} 69. Rc7
{[%clk 1:30:30]} Kf4 {[%clk 1:30:30]} 70. Rc6 {[%clk 1:30:30]} Rg5 {[%clk
1:30:30]} 71. Rxb6 {[%clk 1:30:30]} Ke5 {[%clk 1:30:30]} 72. Kg3 {[%clk 1:30:30]}
Kd4 {[%clk 1:30:30]} 73. Rb8 {[%clk 1:30:30]} Kc5 {[%clk 1:30:30]} 74. b6 {[%clk
1:30:30]} Kc6 {[%clk 1:30:30]} 75. Kf4 {[%clk 1:30:30]} Rb5 {[%clk 1:30:30]}
1/2-1/2

[Event "9th Vellmar Chess Days"]
[Site "chess24.com"]
[Date "2017.07.15"]
[Round "4"]
[White "Geisler, Reinhard"]
[Black "Toval, David"]
[Result "1/2-1/2"]
[Board "53"]
[WhiteElo "1835"]
[WhiteCountry "GER"]
[WhiteFideId "4679733"]
[WhiteEloChange "-3"]
[BlackElo "1733"]
[BlackCountry "GER"]
[BlackFideId "12992755"]
[BlackEloChange "3"]

1. d4 {[%clk 1:30:30]} Nf6 {[%clk 1:30:30]} 2. Bf4 {[%clk 1:30:30]} e6 {[%clk
1:30:30]} 3. e3 {[%clk 1:30:30]} b6 {[%clk 1:30:30]} 4. Nf3 {[%clk 1:30:30]} Bb7
{[%clk 1:30:30]} 5. Bd3 {[%clk 1:30:30]} d5 {[%clk 1:30:30]} 6. c4 {[%clk
1:30:30]} Bb4+ {[%clk 1:30:30]} 7. Nc3 {[%clk 1:30:30]} O-O {[%clk 1:30:30]} 8.
O-O {[%clk 1:30:30]} Nbd7 {[%clk 1:30:30]} 9. Rc1 {[%clk 1:30:30]} Ne4 {[%clk
1:30:30]} 10. cxd5 {[%clk 1:30:30]} Nxc3 {[%clk 1:30:30]} 11. bxc3 {[%clk
1:30:30]} Ba3 {[%clk 1:30:30]} 12. Rc2 {[%clk 1:30:30]} exd5 {[%clk 1:30:30]} 13.
c4 {[%clk 1:30:30]} dxc4 {[%clk 1:30:30]} 14. Bxc4 {[%clk 1:30:30]} Bd6 {[%clk
1:30:30]} 15. Bxd6 {[%clk 1:30:30]} cxd6 {[%clk 1:30:30]} 16. Be2 {[%clk
1:30:30]} Nf6 {[%clk 1:30:30]} 17. Nd2 {[%clk 1:30:30]} d5 {[%clk 1:30:30]} 18.
Qb1 {[%clk 1:30:30]} Qd6 {[%clk 1:30:30]} 19. Rfc1 {[%clk 1:30:30]} Rac8 {[%clk
1:30:30]} 20. Qb2 {[%clk 1:30:30]} h6 {[%clk 1:30:30]} 21. h3 {[%clk 1:30:30]}
Nd7 {[%clk 1:30:30]} 22. Rxc8 {[%clk 1:30:30]} Rxc8 {[%clk 1:30:30]} 23. Rxc8+
{[%clk 1:30:30]} Bxc8 {[%clk 1:30:30]} 24. Qc3 {[%clk 1:30:30]} Bb7 {[%clk
1:30:30]} 25. Nf3 {[%clk 1:30:30]} a6 {[%clk 1:30:30]} 26. a4 {[%clk 1:30:30]}
Qc6 {[%clk 1:30:30]} 27. Qb3 {[%clk 1:30:30]} Qc1+ {[%clk 1:30:30]} 28. Kh2
{[%clk 1:30:30]} Qc7+ {[%clk 1:30:30]} 29. g3 {[%clk 1:30:30]} Nf6 {[%clk
1:30:30]} 30. Bd3 {[%clk 1:30:30]} Bc8 {[%clk 1:30:30]} 31. Kg2 {[%clk 1:30:30]}
Qd7 {[%clk 1:30:30]} 32. Ng1 {[%clk 1:30:30]} Qc6 {[%clk 1:30:30]} 33. Nf3 {[%clk
1:30:30]} Qe6 {[%clk 1:30:30]} 34. Ng1 {[%clk 1:30:30]} Ne4 {[%clk 1:30:30]} 35.
Qc2 {[%clk 1:30:30]} Ng5 {[%clk 1:30:30]} 36. h4 {[%clk 1:30:30]} Ne4 {[%clk
1:30:30]} 37. Qc7 {[%clk 1:30:30]} g6 {[%clk 1:30:30]} 38. Qf4 {[%clk 1:30:30]}
Qf6 {[%clk 1:30:30]} 39. Qxf6 {[%clk 1:30:30]} Nxf6 {[%clk 1:30:30]} 40. f3
{[%clk 1:30:30]} Bd7 {[%clk 1:30:30]} 41. Bc2 {[%clk 1:30:30]} Bc6 {[%clk
1:30:30]} 42. Ne2 {[%clk 1:30:30]} Kf8 {[%clk 1:30:30]} 43. Nc3 {[%clk 1:30:30]}
Ke7 {[%clk 1:30:30]} 44. Kf2 {[%clk 1:30:30]} Kd6 {[%clk 1:30:30]} 45. e4 {[%clk
1:30:30]} Ne8 {[%clk 1:30:30]} 46. Ke3 {[%clk 1:30:30]} Nc7 {[%clk 1:30:30]} 47.
e5+ {[%clk 1:30:30]} 1/2-1/2

[Event "9th Vellmar Chess Days"]
[Site "chess24.com"]
[Date "2017.07.15"]
[Round "5"]
[White "Weber, Samuel"]
[Black "Meijers, Viesturs"]
[Result "1/2-1/2"]
[Board "1"]
[WhiteElo "2123"]
[WhiteCountry "GER"]
[WhiteFideId "12924008"]
[WhiteEloChange "8"]
[BlackElo "2472"]
[BlackTitle "GM"]
[BlackCountry "LAT"]
[BlackFideId "11600314"]
[BlackEloChange "-4"]

1. e4 {[%clk 1:30:34]} c5 {[%clk 1:30:53]} 2. Nf3 {[%clk 1:30:59]} b6 {[%clk
1:31:18]} 3. d3 {[%clk 1:29:37]} Bb7 {[%clk 1:31:38]} 4. Nbd2 {[%clk 1:25:17]} e6
{[%clk 1:32:00]} 5. g3 {[%clk 1:22:40]} d5 {[%clk 1:31:11]} 6. e5 {[%clk
1:11:38]} Nc6 {[%clk 1:30:49]} 7. Bg2 {[%clk 1:11:37]} g5 {[%clk 1:30:11]} 8. h3
{[%clk 0:55:56]} Bg7 {[%clk 1:29:20]} 9. Qe2 {[%clk 0:55:57]} h5 {[%clk 1:08:46]}
10. Nf1 {[%clk 0:47:36]} g4 {[%clk 1:07:08]} 11. hxg4 {[%clk 0:46:06]} hxg4
{[%clk 1:07:34]} 12. Rxh8 {[%clk 0:44:43]} Bxh8 {[%clk 1:07:59]} 13. N3h2 {[%clk
0:44:14]} Nxe5 {[%clk 1:08:21]} 14. Nxg4 {[%clk 0:42:58]} Nc6 {[%clk 1:08:41]}
15. c3 {[%clk 0:35:30]} Qe7 {[%clk 1:06:32]} 16. f4 {[%clk 0:31:55]} Nf6 {[%clk
1:02:00]} 17. Ne5 {[%clk 0:25:59]} Nd7 {[%clk 1:00:33]} 18. Nxc6 {[%clk 0:21:29]}
Bxc6 {[%clk 0:59:42]} 19. c4 {[%clk 0:19:14]} Nf6 {[%clk 0:57:02]} 20. Bd2 {[%clk
0:18:46]} Qb7 {[%clk 0:55:06]} 21. Bc3 {[%clk 0:15:17]} O-O-O {[%clk 0:41:18]}
22. O-O-O {[%clk 0:11:32]} Nd7 {[%clk 0:40:13]} 23. Bxh8 {[%clk 0:11:26]} Rxh8
{[%clk 0:40:38]} 24. Nd2 {[%clk 0:11:32]} Kb8 {[%clk 0:35:09]} 25. Rh1 {[%clk
0:09:53]} Rg8 {[%clk 0:33:30]} 26. Rh3 {[%clk 0:07:36]} b5 {[%clk 0:32:28]} 27.
Qh5 {[%clk 0:06:16]} Rf8 {[%clk 0:28:58]} 28. cxd5 {[%clk 0:04:31]} exd5 {[%clk
0:29:04]} 29. Nb3 {[%clk 0:04:32]} Qa6 {[%clk 0:28:40]} 30. Bxd5 {[%clk 0:04:03]}
1/2-1/2

[Event "9th Vellmar Chess Days"]
[Site "chess24.com"]
[Date "2017.07.15"]
[Round "5"]
[White "Schnepp, Gunnar"]
[Black "Hehn, Hartmut"]
[Result "1/2-1/2"]
[Board "2"]
[WhiteElo "2348"]
[WhiteTitle "FM"]
[WhiteCountry "AUT"]
[WhiteFideId "1604503"]
[WhiteEloChange "-7"]
[BlackElo "2012"]
[BlackCountry "GER"]
[BlackFideId "4629027"]
[BlackEloChange "7"]

1. d4 {[%clk 1:30:56]} c5 {[%clk 1:30:50]} 2. d5 {[%clk 1:31:03]} e5 {[%clk
1:31:10]} 3. c4 {[%clk 1:21:54]} d6 {[%clk 1:29:06]} 4. e4 {[%clk 1:22:07]} Nf6
{[%clk 1:28:54]} 5. Nc3 {[%clk 1:22:27]} Be7 {[%clk 1:29:04]} 6. Be2 {[%clk
1:21:50]} Nbd7 {[%clk 1:29:20]} 7. Nf3 {[%clk 1:21:35]} Nf8 {[%clk 1:28:39]} 8.
h4 {[%clk 1:08:12]} h5 {[%clk 1:24:56]} 9. g3 {[%clk 1:03:20]} Ng4 {[%clk
1:22:58]} 10. Nh2 {[%clk 1:02:03]} Nxh2 {[%clk 1:23:14]} 11. Rxh2 {[%clk
1:02:31]} g6 {[%clk 1:23:22]} 12. Be3 {[%clk 0:57:23]} Nd7 {[%clk 1:18:53]} 13.
Qd2 {[%clk 0:55:37]} Nf6 {[%clk 1:19:00]} 14. f3 {[%clk 0:55:11]} Bd7 {[%clk
1:19:13]} 15. a3 {[%clk 0:52:10]} a6 {[%clk 1:05:28]} 16. b4 {[%clk 0:50:39]} b6
{[%clk 1:05:46]} 17. Bf1 {[%clk 0:48:07]} Rb8 {[%clk 0:58:43]} 18. Qd1 {[%clk
0:32:33]} Kf8 {[%clk 0:53:20]} 19. Rb2 {[%clk 0:32:22]} Kg7 {[%clk 0:51:22]} 20.
Rab1 {[%clk 0:21:26]} Qc7 {[%clk 0:45:30]} 21. Kd2 {[%clk 0:18:44]} Rhc8 {[%clk
0:37:21]} 22. Qc1 {[%clk 0:19:07]} Ne8 {[%clk 0:37:18]} 23. Rb3 {[%clk 0:18:34]}
Qd8 {[%clk 0:31:57]} 24. Qb2 {[%clk 0:18:03]} Ra8 {[%clk 0:32:12]} 25. bxc5
{[%clk 0:16:29]} bxc5 {[%clk 0:32:32]} 26. Kd3 {[%clk 0:13:48]} f5 {[%clk
0:30:45]} 27. Rb7 {[%clk 0:13:50]} Rc7 {[%clk 0:30:52]} 28. Rxc7 {[%clk 0:13:45]}
Qxc7 {[%clk 0:28:52]} 29. Qb6 {[%clk 0:13:11]} Bd8 {[%clk 0:28:25]} 30. Qxc7
{[%clk 0:12:18]} Bxc7 {[%clk 0:28:18]} 31. Be2 {[%clk 0:11:17]} Rb8 {[%clk
0:27:52]} 32. Rxb8 {[%clk 0:11:44]} Bxb8 {[%clk 0:28:14]} 33. Bd1 {[%clk
0:12:02]} Kf7 {[%clk 0:18:00]} 34. f4 {[%clk 0:09:24]} exf4 {[%clk 0:16:16]} 35.
Bxf4 {[%clk 0:09:37]} Bc7 {[%clk 0:15:44]} 36. Bc2 {[%clk 0:06:30]} Nf6 {[%clk
0:11:45]} 37. exf5 {[%clk 0:05:03]} Bxf5+ {[%clk 0:10:31]} 38. Kd2 {[%clk
0:05:31]} Bxc2 {[%clk 0:07:22]} 39. Kxc2 {[%clk 0:05:57]} Ne8 {[%clk 0:05:20]}
40. Ne4 {[%clk 0:05:53]} Ke7 {[%clk 0:05:14]} 41. Kb3 {[%clk 0:28:19]} Kd7 {[%clk
0:29:22]} 42. Bh6 {[%clk 0:27:24]} Bd8 {[%clk 0:28:23]} 43. Bf8 {[%clk 0:26:51]}
Bc7 {[%clk 0:23:21]} 44. Ka4 {[%clk 0:26:30]} Bd8 {[%clk 0:23:27]} 45. Bh6 {[%clk
0:25:50]} Bb6 {[%clk 0:23:19]} 46. Bf4 {[%clk 0:19:47]} Bc7 {[%clk 0:21:05]} 47.
Bh6 {[%clk 0:20:15]} Bb6 {[%clk 0:21:06]} 48. Bf8 {[%clk 0:12:15]} Bc7 {[%clk
0:19:56]} 49. Kb3 {[%clk 0:12:43]} Ba5 {[%clk 0:17:45]} 50. Kc2 {[%clk 0:13:04]}
Bd8 {[%clk 0:18:01]} 51. Kb3 {[%clk 0:09:49]} Ba5 {[%clk 0:17:54]} 52. Kb2 {[%clk
0:09:50]} Bc7 {[%clk 0:17:56]} 53. Bh6 {[%clk 0:09:19]} Bd8 {[%clk 0:16:49]} 54.
Bf4 {[%clk 0:09:03]} Bc7 {[%clk 0:16:34]} 55. Ng5 {[%clk 0:07:43]} Ng7 {[%clk
0:14:43]} 56. Kc2 {[%clk 0:06:45]} Nf5 {[%clk 0:12:29]} 57. Ne6 {[%clk 0:06:48]}
Ba5 {[%clk 0:09:51]} 58. Kd1 {[%clk 0:05:57]} Bc3 {[%clk 0:08:58]} 59. Ke2 {[%clk
0:04:08]} 1/2-1/2

[Event "9th Vellmar Chess Days"]
[Site "chess24.com"]
[Date "2017.07.15"]
[Round "5"]
[White "Nilsson, Anders 1976"]
[Black "Koenig, Marco, Dr."]
[Result "1-0"]
[Board "3"]
[WhiteElo "2192"]
[WhiteTitle "CM"]
[WhiteCountry "SWE"]
[WhiteFideId "1705423"]
[WhiteEloChange "7"]
[BlackElo "2068"]
[BlackCountry "GER"]
[BlackFideId "24643076"]
[BlackEloChange "-7"]

1. d4 {[%clk 1:30:56]} d5 {[%clk 1:30:47]} 2. Bf4 {[%clk 1:31:10]} e6 {[%clk
1:30:51]} 3. e3 {[%clk 1:30:58]} Nf6 {[%clk 1:30:47]} 4. Nf3 {[%clk 1:25:00]} Bd6
{[%clk 1:28:04]} 5. Ne5 {[%clk 1:19:07]} O-O {[%clk 1:27:47]} 6. Nd2 {[%clk
1:19:04]} c5 {[%clk 1:27:30]} 7. c3 {[%clk 1:18:59]} Nc6 {[%clk 1:27:25]} 8. Bg3
{[%clk 1:18:02]} Qc7 {[%clk 1:24:46]} 9. f4 {[%clk 1:17:30]} Nd7 {[%clk 1:14:51]}
10. Bd3 {[%clk 1:15:27]} f5 {[%clk 1:14:19]} 11. Bh4 {[%clk 1:13:42]} Ndxe5
{[%clk 1:10:01]} 12. fxe5 {[%clk 1:12:25]} Be7 {[%clk 1:10:18]} 13. Bf2 {[%clk
1:06:29]} a6 {[%clk 1:07:28]} 14. g4 {[%clk 1:01:47]} b5 {[%clk 1:01:58]} 15. Qf3
{[%clk 0:56:23]} Qd8 {[%clk 0:56:47]} 16. O-O {[%clk 0:55:36]} Bg5 {[%clk
0:53:39]} 17. h4 {[%clk 0:43:44]} Bxh4 {[%clk 0:40:46]} 18. Qh3 {[%clk 0:35:05]}
Bxf2+ {[%clk 0:40:05]} 19. Rxf2 {[%clk 0:35:22]} g6 {[%clk 0:39:20]} 20. Rh2
{[%clk 0:28:58]} Ra7 {[%clk 0:39:28]} 21. Kh1 {[%clk 0:28:41]} Rg7 {[%clk
0:35:50]} 22. Rg1 {[%clk 0:28:11]} Rff7 {[%clk 0:30:29]} 23. Nf3 {[%clk 0:27:48]}
Qc7 {[%clk 0:29:24]} 24. Ng5 {[%clk 0:23:50]} Re7 {[%clk 0:28:52]} 25. Qh6 {[%clk
0:23:44]} b4 {[%clk 0:19:47]} 26. Nh3 {[%clk 0:21:57]} Bb7 {[%clk 0:19:06]} 27.
Bf1 {[%clk 0:15:51]} bxc3 {[%clk 0:16:53]} 28. bxc3 {[%clk 0:16:20]} Nxe5 {[%clk
0:16:58]} 29. dxe5 {[%clk 0:16:31]} Qxe5 {[%clk 0:17:14]} 30. Qf4 {[%clk
0:16:23]} Qxf4 {[%clk 0:16:02]} 31. exf4 {[%clk 0:16:21]} d4+ {[%clk 0:13:30]}
32. Bg2 {[%clk 0:16:50]} d3 {[%clk 0:12:54]} 33. Bxb7 {[%clk 0:14:22]} Rxb7
{[%clk 0:13:21]} 34. Ng5 {[%clk 0:13:38]} Rge7 {[%clk 0:11:18]} 35. Nf3 {[%clk
0:13:17]} c4 {[%clk 0:10:08]} 36. Ne5 {[%clk 0:13:28]} Rec7 {[%clk 0:10:31]} 37.
g5 {[%clk 0:12:02]} Rb5 {[%clk 0:09:23]} 38. Kg2 {[%clk 0:10:26]} a5 {[%clk
0:07:17]} 39. Kf3 {[%clk 0:10:38]} a4 {[%clk 0:07:37]} 40. Rgh1 {[%clk 0:06:22]}
Rg7 {[%clk 0:02:20]} 41. Ke3 {[%clk 0:06:20]} a3 {[%clk 0:02:16]} 42. Nxc4 {[%clk
0:01:05]} Rc5 {[%clk 0:00:55]} 43. Ne5 {[%clk 0:28:57]} Rxc3 {[%clk 0:31:11]} 1-0